| 000 | 00487nam a2200181Ia 4500 | ||
|---|---|---|---|
| 008 | 230711s9999||||xx |||||||||||||| ||und|| | ||
| 020 | _a978-0-07-058671-0 | ||
| 041 | _aENG | ||
| 082 |
_a4.6 _bBR-N |
||
| 100 | _aBragg,Roberta | ||
| 245 | 4 | _aThe complete reference Network security | |
| 250 | _a1st Ed. | ||
| 260 |
_c2004 _aNew Delhi _bMcGraw Hill Education(India) Private Limited |
||
| 300 | _a854p. | ||
| 650 | _aComputer Engineering | ||
| 700 | _aRhodes-Ousley,Mark | ||
| 942 | _cBK | ||
| 999 |
_c6387 _d6387 |
||